000 01060nam a22002777a 4500
001 23565
003 DO-SdBNP
005 20180315105603.0
007 23566
008 160509b 2013 dr ||||| |||| 00| 0 spa d
040 _aBPMSU
_bspa
_cBPMSU
245 _aMódulo III:
_bprimer ciclo de educación básica de personas jóvenes y adultas /
_cproducción Sardis Medrano Cabral, Midalma López ; coordinación Mirían Camilo Recio ; ilustración Ramón L. Sandoval
260 _aSanto Domingo :
_bMinisterio de Educación
_c2013
300 _a160 p. :
_bil. ;
_c29 cm.
500 _a Contiene la guía metodológica para docentes y facilitadores
505 _aMódulo III :
_t La comunidad
700 _a Medrano Cabral, Sardis
700 _aLópez, Midalma
700 _a Sandoval, Ramón L.
_eil.
700 _aCamilo Recio, Miriam
_ecoord.
700 _a
_e
710 _aRepública Dominicana
_bMinisterio de Educación
942 _2ddc
_cBK
945 _aRemanejado para la BNPHU / 2018 VM
956 _2VMATEO
_310
_620160509
_8BPMSU
_a0069
999 _c10042
_d10042